| 000 | 00505pam a2200193 a 4500 | ||
|---|---|---|---|
| 020 | _c450.00 (PB) | ||
| 041 |
_aeng _hNULL |
||
| 082 |
_a616 _bPIS |
||
| 100 | _aPISPATI, P . | ||
| 245 |
_aMANUAL OF RHEUMATOLOGY / _cNULL. _hTextual Documents |
||
| 250 |
_a2 / _b. |
||
| 260 |
_aNULL : _bINDIAN RHEUMATOLOGY ASSO. , _c2002. |
||
| 300 |
_a416 : _bvi ; _cA4 . |
||
| 365 |
_a450.00 _e4 |
||
| 907 |
_a1369 _a1370 _a1371 _a1372 _a2653 |
||
| 930 | _a284 | ||
| 999 |
_c794820 _d794820 |
||
| 650 | _aGEN.MEDICINE | ||